|
|
|
|
| LEADER |
01373nam a22003373i 4500 |
| 001 |
EBC7015036 |
| 003 |
MiAaPQ |
| 005 |
20231204023225.0 |
| 006 |
m o d | |
| 007 |
cr cnu|||||||| |
| 008 |
231204s1901 xx o ||||0 ger d |
| 020 |
|
|
|a 9783111457550
|q (electronic bk.)
|
| 035 |
|
|
|a (MiAaPQ)EBC7015036
|
| 035 |
|
|
|a (Au-PeEL)EBL7015036
|
| 035 |
|
|
|a (OCoLC)1202552695
|
| 040 |
|
|
|a MiAaPQ
|b eng
|e rda
|e pn
|c MiAaPQ
|d MiAaPQ
|
| 100 |
1 |
|
|a Dehio, G.
|
| 245 |
1 |
0 |
|a Was Wird Aus Dem Heidelberger Schloß Werden?
|
| 250 |
|
|
|a 1st ed.
|
| 264 |
|
1 |
|a Berlin/Boston :
|b Walter de Gruyter GmbH,
|c 1901.
|
| 264 |
|
4 |
|c {copy}1901.
|
| 300 |
|
|
|a 1 online resource (28 pages)
|
| 336 |
|
|
|a text
|b txt
|2 rdacontent
|
| 337 |
|
|
|a computer
|b c
|2 rdamedia
|
| 338 |
|
|
|a online resource
|b cr
|2 rdacarrier
|
| 588 |
|
|
|a Description based on publisher supplied metadata and other sources.
|
| 590 |
|
|
|a Electronic reproduction. Ann Arbor, Michigan : ProQuest Ebook Central, 2023. Available via World Wide Web. Access may be limited to ProQuest Ebook Central affiliated libraries.
|
| 655 |
|
4 |
|a Electronic books.
|
| 776 |
0 |
8 |
|i Print version:
|a Dehio, G.
|t Was Wird Aus Dem Heidelberger Schloß Werden?
|d Berlin/Boston : Walter de Gruyter GmbH,c1901
|
| 797 |
2 |
|
|a ProQuest (Firm)
|
| 856 |
4 |
0 |
|u https://ebookcentral.proquest.com/lib/matrademy/detail.action?docID=7015036
|z Click to View
|